00545cam a2200193ua 450000500170000000800390001704000180005604100080007408200170008224500590009925000120015826000460017030000120021665000210022865000300024965300120027965300280029170000320031920211004131525.0131023n ii |||gr||||Z||||||asm cMAINaIN-DiNC dasm a954.162bSWA11aSwargadev Rajeswarsinha/cedited by Surya Kumar Bhuyan a3rd ed. aGuwahati:bPublication Board Assam,c2014 ax,340p. aHistory of Assam aSwargadeo Rajeshwarsingha aHistory aSwargadev Rajeswarsinha1 aBhuyan,Surya Kumar,eEditor